000 00721nam a2200229 a 4500
001 7071
003 BD-RjUL
005 20211208234348.0
008 880808s1954 enk b 001 0 eng d
035 _a(BD-RjUL)7113
040 _aDMM
_cDMM
_dm.c
_dBD-RjUL
_beng
041 _aeng
082 _223
_a320.973
_bGRA 1954
100 1 _aGriffith, Ernest S.,
_d1896-1997.
_9220889
245 1 4 _aThe American system of government /
_cby Ernest S. Griffith.
260 _aNew York ::
_bFrederick A. Praeger,
_c1954.
300 _a[6], 202 p. ;
_c17 cm.
500 _a"Books that matter"
504 _aIncludes bibliographical references and index.
651 0 _aUnited States
_xPolitics and government.
_9220890
942 _2ddc
_cRAR
999 _c7071
_d7071